Statistics for California Counties by Population

Click here to take the quiz!

General Stats

  • This quiz has been taken 58 times
  • The average score is 31 of 58

Answer Stats

PopulationCounty% Correct
10,039,107Los Angeles
100%
3,338,330San Diego
98%
3,175,692Orange
93%
2,180,085San Bernardino
89%
1,671,329Alameda
84%
2,470,546Riverside
84%
1,552,058Sacramento
84%
999,101Fresno
82%
1,927,852Santa Clara
82%
1,153,526Contra Costa
80%
900,202Kern
76%
881,549San Francisco
76%
767,423San Mateo
71%
846,006Ventura
71%
762,148San Joaquin
64%
550,660Stanislaus
56%
1,039Alpine
51%
446,499Santa Barbara
51%
494,336Sonoma
51%
466,195Tulare
51%
181,215Imperial
49%
14,310Mono
49%
434,061Monterey
49%
17,977Inyo
47%
277,680Merced
47%
398,329Placer
47%
273,213Santa Cruz
47%
220,500Yolo
47%
219,186Butte
44%
64,386Lake
44%
30,573Lassen
44%
258,826Marin
44%
8,907Modoc
44%
283,111San Luis Obispo
44%
180,080Shasta
44%
447,643Solano
44%
27,812Del Norte
42%
152,940Kings
42%
157,327Madera
42%
137,744Napa
42%
99,755Nevada
42%
43,468Siskiyou
42%
45,514Calaveras
40%
192,843El Dorado
40%
17,420Mariposa
40%
86,749Mendocino
40%
18,660Plumas
40%
62,808San Benito
40%
3,040Sierra
40%
96,971Sutter
40%
12,700Trinity
40%
54,478Tuolumne
40%
38,429Amador
38%
27,976Glenn
38%
135,558Humboldt
38%
65,084Tehama
38%
78,668Yuba
38%
21,454Colusa
33%

Score Distribution

Percentile by Number Answered

Percent of People with Each Score

Your Score History

You have not taken this quiz